000 00285 a2200085 4500
999 _c214824
_d214824
020 _a0942364066
100 _aWerner, David
245 _aDisabled Village Children : a guide for community health workers, rehabilitation workers and families
260 _bUSA : The Hesperian Foundation
_c1987